| 000 | 01443cam a2200229 4500 | ||
|---|---|---|---|
| 008 | 031215n2003 000 0 eng u | ||
| 020 | _a972491982X | ||
| 035 | _a(Sirsi) u124616 | ||
| 041 | _aeng | ||
| 050 |
_a690.25 _c18 |
||
| 111 |
_aCIB International Symposium on building pathology, durability and rehabilitation _n(2nd : _d2003 : _cLisbon) |
||
| 111 |
_aCIB International Symposium on Building Pathology, Durability and Rehabilitation _n 2nd : |
||
| 245 |
_a2nd CIB international symposium on building pathology, durability and rehabilitation _blearning from errors and defects in building 2003 |
||
| 260 |
_aLisbon _bLaboratorio Nacional de Engenheria Civil _c2003 |
||
| 300 |
_axxi, 686p. _c25cm |
||
| 520 | _aProceedings of the international symposium held in Lisbon, 6-8 November 2003, a series of lectures and papers on various themes encompassing the different approaches to building pathology: tools and methodologies for research, recording and diagnosis; costs involved in the preventative maintenance of buildings, in the repair of anomalies and in the adequate design of long-lasting and sustainable constructions; case studies; and dissemination of knowledge to those involved in the construction process and students. Published in English and Spanish. | ||
| 650 | _aBUILDING PATHOLOGY | ||
| 650 | _aDURABILITY | ||
| 650 | _aREHABILITATION | ||
| 690 | _aBUILDING AND CONSTRUCTION-DEFECTS AND FAILURES | ||
| 942 | _n0 | ||
| 999 |
_c103254 _d103254 |
||